000 01092nam a2200301 4500
001 0000014843
003 CO-CtgCURN
005 20250331184731.0
007 ta
008 160627s1997 000 0 eng d
020 _a9681801695
040 _aCO-CtgCURN
_bspa
_ccoctgcurn
082 0 _a512.817
_bK53c
100 1 _aKleiman, Ariel.
245 1 0 _aConjuntos aplicaciones matemáticas a la Administración /
_cAriel Kleiman , Elena K. de Kleiman.
260 _aMexico :
_bEditorial Limusa,
_c1997.
300 _a197 p.
336 _2rdacontent
337 _2rdamedia
_asin mediacion
_bn
338 _2rdacarrier
_avolumen
_bnc
500 _aIncluye indice.
505 8 _aConjuntos basicos.--Nociones introductorias.--Antecedentes.--Convenciones sobre notacion elementos.--La relacion de pertenencias.--Especificacion de conjuntos.--Conjuntos especiales
650 1 4 _aMatemáticas
_vEducación preescolar.
700 1 _ade Kleman, Elena K.
908 _a160627
942 _cBK
_h512.817
_iK53c
_2ddc
999 _c20776
_d20776